[Event "FSIM Nov"]
[Site "Budapest HUN"]
[Date "2002.11.08"]
[Round "7"]
[White "Dencsi,T"]
[Black "Brustkern,J"]
[Result "1-0"]
[WhiteElo "2209"]
[BlackElo "2288"]

1.e4 g6 2.d4 Bg7 3.Nc3 c5 4.dxc5 Qa5 5.Nf3 Bxc3+ 6.bxc3 Qxc3+ 7.Bd2 Qxc5
8.Bd3 Nf6 9.Rb1 d6 10.O-O O-O 11.e5 dxe5 12.Rb5 Qc7 13.Nxe5 Nbd7 14.Bf4 Nxe5
15.Rxe5 Bg4 16.Qc1 Rfe8 17.h3 Bc8 18.Bb5 Bd7 19.Rxe7 Rxe7 20.Bxc7 Bxb5 21.Bd6 Re6
22.Rd1 Ne4 23.Bb4 Rc8 24.f3 Ng3 25.Qg5 Ne2+ 26.Kh2 a6 27.Rd8+ Rxd8 28.Qxd8+ Re8
29.Qd6 Bc6 30.Ba3 h5 31.Bb2 Re6 32.Qd8+ Be8 33.Bf6 b5 34.Be7  1-0

[Event "Bundesliga 2002-3"]
[Site "Hamburg GER"]
[Date "2002.11.17"]
[Round "4"]
[White "Heinemann,T"]
[Black "Troyke,C"]
[Result "1/2-1/2"]
[WhiteElo "2437"]
[BlackElo "2351"]

1.e4 g6 2.d4 Bg7 3.Nc3 d5 4.Nf3 dxe4 5.Nxe4 Nd7 6.Bc4 h6 7.c3 Ngf6 8.Bxf7+ Kxf7
9.Neg5+ hxg5 10.Nxg5+ Ke8 11.Ne6 Nb6 12.Nxd8 Kxd8 13.Qe2 Bf5 14.Bf4 Nbd5
15.Bd2 c6 16.c4 Nc7 17.Rd1 Kd7 18.Bf4 Rh4 19.g3 Rxf4 20.gxf4 Nh5 21.Rg1 Nxf4
22.Qf3 Bh6 23.Rg3 Rf8 24.d5 cxd5 25.cxd5 Rf6 26.Qb3 b5 27.Rc3 Be4 28.Rd4 Bxd5
29.Rxc7+ Kxc7 30.Rxd5 Nxd5 31.Qxd5 a6 32.Ke2 Bf4 33.h3 Bd6 34.b3 Kb6 35.Qg8 Kb7
36.f3 Kb6 37.Ke3 Kb7 38.Ke4 Rf4+ 39.Ke3 Rf6 40.Ke2 Kb6 41.Qc8 Rf5 42.Qd8+ Kb7
43.Qe8 Rf6 44.a4 bxa4 45.bxa4 Kc7 46.Qa8 Bb4 47.Qa7+ Kc8 48.Qa8+ Kc7 49.Qa7+  1/2-1/2

[Event "WYb16"]
[Site "Heraklio GRE"]
[Date "2002.11.23"]
[Round "10"]
[White "Pashikian,A"]
[Black "Grecescu,G"]
[Result "1-0"]
[WhiteElo "2304"]
[BlackElo "2187"]

1.e4 c5 2.Nc3 g6 3.d4 Bg7 4.dxc5 Qa5 5.Bd2 Qxc5 6.Nd5 Na6 7.Nf3 Bxb2 8.Rb1 Bg7
9.Bxa6 bxa6 10.O-O d6 11.Bb4 Qc4 12.Ba5 Qxe4 13.Nc7+ Kd7 14.Ng5 Qf5 15.Nxf7 Qxf7
16.Qg4+ e6 17.Nxa8 Ne7 18.Qa4+ Nc6 19.Nb6+ axb6 20.Rxb6 Ke7 21.Qxc6 Qf4 22.g3 Qd4
23.Qc7+ Bd7 24.Rb7 Qa4 25.Bb4 Be5 26.Rd1  1-0

[Event "TCh-BEL 2002-3"]
[Site "Belgium BEL"]
[Date "2002.11.24"]
[Round "3"]
[White "Dgebuadze,A"]
[Black "Stryjecki,M"]
[Result "1-0"]
[WhiteElo "2537"]
[BlackElo "2442"]

1.e4 g6 2.d4 Bg7 3.Nc3 a6 4.Bc4 b5 5.Bb3 Bb7 6.Nf3 e6 7.Qe2 Ne7 8.e5 d6 9.Ne4 Bxe4
10.Qxe4 d5 11.Qe2 c5 12.c3 cxd4 13.cxd4 Nbc6 14.O-O Qb6 15.Rd1 Nf5 16.Bg5 h6
17.Bf6 Bxf6 18.exf6 O-O 19.Qd2 Qd8 20.Rac1 Rc8 21.g4 Nd6 22.Ne5 Ne4 23.Qe3 Na5
24.Rxc8 Qxc8 25.Qxh6 Nxf6 26.Rd3 Nxb3 27.axb3 Qc2 28.Rh3 Qb1+ 29.Kg2 Qe4+
30.Kg3 Nh5+ 31.gxh5 g5 32.Qxg5+ Kh7 33.Nd7  1-0

[Event "40th Ann Open"]
[Site "Curacao AHO"]
[Date "2002.11.26"]
[Round "8"]
[White "Neumann,Ha"]
[Black "Hernandez,Alex"]
[Result "0-1"]
[WhiteElo "2211"]
[BlackElo "2269"]

1.e4 c5 2.Nc3 g6 3.d4 Bg7 4.d5 d6 5.Nf3 Nf6 6.Be2 O-O 7.h3 Na6 8.Bf4 Nc7
9.a4 b6 10.Qd2 a6 11.Bh6 e5 12.dxe6 Bxe6 13.Bxg7 Kxg7 14.Rd1 b5 15.Qf4 b4
16.Nb1 d5 17.e5 Nfe8 18.h4 h5 19.c3 Rh8 20.c4 f6 21.Nbd2 fxe5 22.Qxe5+ Qf6
23.O-O Qxe5 24.Nxe5 Nf6 25.Bd3 Bf5 26.Bxf5 gxf5 27.Nb3 dxc4 28.Nxc5 Rhe8
29.Nxc4 Re2 30.Rfe1 Rae8 31.Rxe2 Rxe2 32.Rd2 Re1+ 33.Kh2 Ncd5 34.f3 f4 35.Nd3 Ra1
36.a5 b3 37.Nde5 Rc1 38.Rd3 Nc7 39.Rxb3 Nfd5 40.Rb7 Kf6 41.Nd7+ Ke6 42.Ndb6 Rc2
43.Ra7 Kf5 44.b3 Rc1 45.Nxd5 Nxd5 46.Rxa6 Ne3 47.Ra8 Nf1+ 48.Kh3 Ng3 49.Rf8+ Kg6
50.Rxf4 Ne2 51.Ne5+ Kh6 52.Rf6+ Kg7 53.Rf7+ Kg8 54.g4 Rc5 55.Rf5 hxg4+ 56.Nxg4 Rc1
57.Nf6+ Kf7 58.Ne4+ Ke6 59.Rf6+ Ke5 60.Rb6 Nf4+ 61.Kg3 Rg1+ 62.Kf2 Rg2+ 63.Kf1 Ra2
64.a6 Kd4 65.Ng5 Ke3 66.Kg1 Ra1+ 67.Kh2 Ra2+ 68.Kg1 Ra1+ 69.Kh2 Ra2+ 70.Kg1 Ne2+
71.Kg2 Nf4+ 72.Kg1 Ne2+ 73.Kg2 Nf4+ 74.Kg1 Rg2+ 75.Kf1 Rf2+ 76.Ke1 Nd3+ 77.Kd1 Rd2+  0-1

[Event "XV Carlos Torre"]
[Site "Merida MEX"]
[Date "2002.12.19"]
[Round "7"]
[White "Culbeaux,T"]
[Black "Guerrero,Ale"]
[Result "0-1"]
[WhiteElo "2207"]
[BlackElo "2020"]

1.e4 g6 2.d4 Bg7 3.Nc3 c5 4.dxc5 Bxc3+ 5.bxc3 Qa5 6.Qd4 Nf6 7.Bd2 Nc6 8.Qe3 d6
9.cxd6 Ng4 10.Qg3 exd6 11.Qxd6 Be6 12.Qg3 O-O-O 13.Bd3 Nge5 14.Ne2 Bc4 15.Bxc4 Nxc4
16.Bg5 Rd7 17.O-O Re8 18.Nd4 Nxd4 19.cxd4 Rxd4 20.f3 h5 21.h4 Na3 22.Qf2 Rc4
23.Bf4 Re6 24.Rfd1 Rec6 25.Rd5 Nb5 26.Rad1 b6 27.Rd7 Nc7 28.Rxf7 Rxc2 29.Qd4 Qxa2
30.Rxc7+ Rxc7 31.Bxc7 Rxc7 32.Qd8+ Kb7 33.Qd6 Qb3 34.Rd3 Qc4 35.Kh2 a5 36.Rd5 Qc6
37.Qa3 Qf6 38.Rg5 Qf4+ 39.Kh3 Rc1 40.Qe7+ Ka6  0-1

[Event "FSIMA Feb"]
[Site "Budapest HUN"]
[Date "2003.02.09"]
[Round "9"]
[White "Kun,G"]
[Black "Brustkern,J"]
[Result "1-0"]
[WhiteElo "2359"]
[BlackElo "2331"]

1.e4 g6 2.d4 Bg7 3.Nc3 c5 4.dxc5 Qa5 5.Bd2 Qxc5 6.Nd5 b6 7.Bb5 Bb7 8.Be3 Qc8
9.Bd4 f6 10.Nf3 Nc6 11.Bxb6 axb6 12.Nxb6 Qd8 13.Nxa8 Bxa8 14.O-O Nh6 15.Nd4 Qb6
16.Bxc6 Bxc6 17.Nxc6 dxc6 18.a4 Kf7 19.Qe2 Ra8 20.Qc4+ Kf8 21.b4 f5 22.c3 fxe4
23.Rfe1 Nf5 24.Rxe4 Qb5 25.g4 Rxa4 26.Rxa4 Qxa4 27.gxf5 gxf5 28.Re6 c5 29.Ra6 Qd1+
30.Kg2  1-0

[Event "Jch-RUS b20"]
[Site "Essentuki RUS"]
[Date "2003.03.13"]
[Round "11"]
[White "Anisimov,P"]
[Black "Savchenko,B"]
[Result "1/2-1/2"]
[WhiteElo "2448"]
[BlackElo "2431"]

1.e4 g6 2.d4 Bg7 3.Nc3 c5 4.Nf3 cxd4 5.Nxd4 Nc6 6.Be3 Nf6 7.Bc4 O-O 8.Bb3 a5
9.O-O a4 10.Nxa4 Nxe4 11.Nb5 d6 12.Qe2 Nf6 13.c4 Nd7 14.Rfd1 b6 15.Nac3 Nc5
16.Bc2 Nb4 17.Bd4 Bb7 18.Bxg7 Kxg7 19.a3 Nxc2 20.Qxc2 Qd7 21.Nd5 Bxd5 22.Rxd5 Ne6
23.Qc3+ Kg8 24.Qe3 Nc7 25.Nxc7 Qxc7 26.b3 Ra5 27.Qd2  1/2-1/2

[Event "ch-POLJ u20 w"]
[Site "Jarnoltowek POL"]
[Date "2003.04.10"]
[Round "5"]
[White "Toma,K"]
[Black "Szczepkowska,K"]
[Result "1-0"]
[WhiteElo "2189"]
[BlackElo "2137"]

1.e4 g6 2.d4 Bg7 3.Nc3 d5 4.exd5 Nf6 5.Bc4 Nbd7 6.Nf3 O-O 7.O-O Nb6 8.Bb3 a5
9.a4 Nfxd5 10.Ne4 c6 11.c3 Qc7 12.Re1 Nd7 13.Qe2 b6 14.Bxd5 cxd5 15.Ng3 e6
16.h4 Ba6 17.Qe3 e5 18.Nxe5 Rae8 19.Qf3 Bxe5 20.dxe5 Nxe5 21.Qd1 Nd3 22.Re3 Rxe3
23.Bxe3 Re8 24.Qd2 f5 25.Bd4 f4 26.Nf1 Re6 27.Rd1 Qe7 28.Qc2 Ne1 29.Qd2 Nd3
30.Qc2 Re1 31.Rxe1 Qxe1 32.Qd2 Qe6 33.b4 axb4 34.cxb4 Bc4 35.b5 h6 36.a5 Bxb5
37.axb6 Qc6 38.Qe2 Kf7 39.h5 g5 40.Qg4 Ba6 41.Qf5+ Ke8 42.Qh7 Qe6 43.b7 Bxb7
44.Qxb7 Ne1 45.Qb8+ Kd7 46.Qe5 f3 47.Qxe6+ Kxe6 48.Ne3 fxg2 49.Bg7 d4 50.Nxg2 d3
51.Ne3 Nf3+ 52.Kf1 Kf7 53.Bxh6 d2 54.Ke2 Nd4+ 55.Kxd2 Ne6 56.Nd5 Kg8 57.Nf6+ Kf7
58.Ne4 Nf4 59.Ng3 Ne6 60.Ke3 Kf6 61.Ne4+ Kf5 62.Bxg5 Nxg5 63.Nxg5 Kxg5 64.Ke4 Kxh5
65.Kf5 Kh6 66.Kf6  1-0

[Event "ch-POLJ u20 w"]
[Site "Jarnoltowek POL"]
[Date "2003.04.11"]
[Round "6"]
[White "Zawadzka,J"]
[Black "Szczepkowska,K"]
[Result "1/2-1/2"]
[WhiteElo "2296"]
[BlackElo "2137"]

1.e4 g6 2.d4 Bg7 3.Nc3 d5 4.exd5 Nf6 5.Bc4 Nbd7 6.Nf3 O-O 7.h3 Nb6 8.Bb3 a5
9.a4 Nbxd5 10.Nxd5 Nxd5 11.O-O c6 12.Re1 h6 13.Qe2 Bf5 14.Bd2 Re8 15.Rad1 Qc7
16.Ne5 h5 17.Qf3 Rf8 18.c4 Nf6 19.Bf4 Qb6 20.c5 Qb4 21.Nc4 Bc2 22.Bxc2 Qxc4
23.Bb3 Qb4 24.Rxe7 Nd5 25.Bxd5 cxd5 26.Qxd5 Qxa4 27.b3 Qc6 28.Qc4 a4 29.Rc7 Qe4
30.Bd6 a3 31.Bxf8 Rxf8 32.Qa4 Qe2 33.Ra1 Rd8 34.Qc4 Qxc4 35.bxc4 Bxd4 36.Re1 a2
37.Rxb7 a1=Q 38.Rxa1 Bxa1 39.c6 Kg7 40.Kf1 Rc8 41.Rb6 Bd4 42.Ra6 Rc7 43.Ke2 Kf6
44.f3 Ke5 45.Kd3 Bc5 46.g3 g5 47.Ra8 h4 48.gxh4 gxh4 49.Rh8 Bf2 50.Rh6 f6
51.Rh5+ Kf4 52.Ke2 Kg3 53.Rh6 Bd4 54.Kd3 Ba1 55.Ke4 Rxc6 56.Kd5 Rc8 57.c5 Kxh3
58.f4 Kg3 59.c6 Bc3 60.Kd6 f5 61.Kd7 Rg8 62.c7 Bd2 63.Rg6+ Rxg6 64.c8=Q Bxf4
65.Qc5 Kg4 66.Qg1+ Bg3 67.Qd1+ Kg5 68.Qf1 f4 69.Ke7 Rf6 70.Qf3 h3 71.Qd5+ Rf5
72.Qg8+ Kh4 73.Qh8+ Kg4 74.Qg8+ Rg5 75.Qe6+ Kh4 76.Qh6+ Kg4 77.Qe6+  1/2-1/2

[Event "IM"]
[Site "Evry FRA"]
[Date "2003.04.13"]
[Round "4"]
[White "Neiman,E"]
[Black "Amigues,E"]
[Result "1-0"]
[WhiteElo "2321"]
[BlackElo "2275"]

1.d4 g6 2.e4 Bg7 3.Nc3 c5 4.d5 d6 5.Be2 a6 6.a4 Nf6 7.Nf3 Bg4 8.O-O O-O 9.a5 Nbd7
10.Re1 Bxf3 11.Bxf3 b5 12.axb6 Qxb6 13.Ra3 Rfb8 14.Be2 Ne8 15.Qd3 Nc7 16.Qh3 Nf6
17.Qd3 Nd7 18.Na4 Qb7 19.c4 Qc8 20.Bg4 Qe8 21.Qh3 Ne5 22.Be2 Rb4 23.b3 Rb7
24.Bd1 e6 25.Kf1 Nd7 26.Ra2 Nb5 27.cxb5 axb5 28.Nc3 Rxa2 29.Nxa2 exd5 30.exd5 Qa8
31.Bh6 Bd4 32.Nc3 Nf6 33.Qd3 Rb8 34.Nxb5 Qa6 35.Be2 Be5 36.g3 Qc8 37.Kg2 Qb7
38.Qf3 Nxd5 39.Rd1 Ne7 40.Qxb7 Rxb7 41.Nxd6 Rb8 42.Bg5 f6 43.Be3 Kg7 44.Bc4 Nc6
45.Ne4  1-0

[Event "IV IM"]
[Site "Monaco MNC"]
[Date "2003.04.13"]
[Round "7"]
[White "Perez,Fl"]
[Black "Beudaert,X"]
[Result "1/2-1/2"]
[WhiteElo "2150"]
[BlackElo "2293"]

1.e4 g6 2.d4 Bg7 3.Nc3 c5 4.d5 d6 5.Be3 Na6 6.Bb5+ Bd7 7.Bxd7+ Qxd7 8.Qd2 b5
9.Nge2 Nf6 10.f3 O-O 11.Bh6 Bxh6 12.Qxh6 b4 13.Nd1 e6 14.Ne3 exd5 15.Qg5 d4
16.Qxf6 dxe3 17.Nf4 Nc7 18.O-O-O Rfd8 19.Rhe1 Qa4 20.Kb1 c4 21.Rxe3 c3 22.e5 cxb2
23.exd6 Rac8 24.Re7  1/2-1/2

[Event "ch-POLJ u20 w"]
[Site "Jarnoltowek POL"]
[Date "2003.04.15"]
[Round "11"]
[White "Szczepkowska,K"]
[Black "Reszka,M"]
[Result "0-1"]
[WhiteElo "2137"]
[BlackElo "2133"]

1.e4 g6 2.d4 Bg7 3.Nc3 c5 4.Be3 Qa5 5.Ne2 Nf6 6.f3 d5 7.e5 Nfd7 8.f4 e6 9.g3 Nc6
10.Bg2 b5 11.O-O b4 12.Nxd5 exd5 13.Bxd5 Qc7 14.f5 Nb6 15.Bg2 Bxf5 16.dxc5 Nc4
17.Bf4 Rd8 18.e6 N6e5 19.exf7+ Kf8 20.Qe1 Qxc5+ 21.Kh1 h5 22.Bg5 Rd7 23.Rd1 Kxf7
24.Rxd7+ Nxd7 25.Qd1 Ncb6 26.c3 Bf6 27.Bxf6 Nxf6 28.Nd4 Rd8 29.Qe2 bxc3 30.bxc3 Re8
31.Qd2 Nc4 32.Qf4 Ne3 33.Nxf5 gxf5 34.Rb1 Nxg2 35.Kxg2 Re2+ 36.Kf1 Rxa2 37.Rb7+ Kg6
38.h4 Ne4  0-1

[Event "41st Doeberl Cup"]
[Site "Canberra AUS"]
[Date "2003.04.18"]
[Round "2"]
[White "West,G"]
[Black "Safarian,A"]
[Result "1-0"]
[WhiteElo "2381"]
[BlackElo "2072"]

1.e4 c5 2.Nc3 g6 3.d4 Bg7 4.dxc5 Qa5 5.Bd2 Qxc5 6.Nd5 Na6 7.Nf3 Nf6 8.b4 Qd6
9.Bf4 Qc6 10.b5 Qc5 11.Be3 Qa3 12.Bd4 Nc5 13.Nc7+ Kd8 14.Nxa8 Ncxe4 15.Bd3 Nc3
16.Qc1 Qa5 17.Qd2  1-0

[Event "XXI Open"]
[Site "Metz FRA"]
[Date "2003.04.25"]
[Round "7"]
[White "Brunner,N"]
[Black "Murey,J"]
[Result "1/2-1/2"]
[WhiteElo "2259"]
[BlackElo "2490"]

1.d4 g6 2.e4 Bg7 3.Nc3 c5 4.d5 d6 5.f4 Nf6 6.Bb5+ Nfd7 7.a4 O-O 8.Nf3 Na6
9.O-O Nb4 10.Re1 Nf6 11.h3 e6 12.Re2 exd5 13.Nxd5 Nbxd5 14.exd5 a6 15.Bd3 Re8
16.c4 Bf5 17.Bxf5 gxf5 18.Rxe8+ Qxe8 19.Qc2 Ne4 20.Be3 Rb8 21.Nh4 Ng3 22.Bf2 Qe2
23.Qxe2 Nxe2+ 24.Kf1 Nxf4 25.Nxf5 Be5 26.Ra3 Kf8 27.Bg3 Rd8  1/2-1/2

[Event "Rhone Open"]
[Site "Lyon FRA"]
[Date "2003.04.29"]
[Round "4"]
[White "Guido,F"]
[Black "Lacour,S"]
[Result "0-1"]
[WhiteElo "2346"]
[BlackElo "2126"]

1.e4 g6 2.d4 Bg7 3.Nc3 d5 4.exd5 Nf6 5.Bb5+ Nbd7 6.Nf3 O-O 7.Bc4 Nb6 8.Bb3 a5
9.a3 a4 10.Ba2 Nbxd5 11.Nxd5 Nxd5 12.c4 Nb6 13.h3 c5 14.Be3 Be6 15.d5 Bf5
16.Qe2 Qc7 17.O-O Nc8 18.Rad1 e5 19.dxe6 Bxe6 20.Ng5 Re8 21.Nxe6 Rxe6 22.Qc2 Nb6
23.Rd2 Rae8 24.Rfd1 Bd4 25.Rxd4 cxd4 26.Rxd4 Nd7 27.Qxa4 Ne5 28.c5 Nf3+ 29.gxf3 Rxe3
30.Rd7 Qg3+  0-1

[Event "Riviera IM"]
[Site "Opatija CRO"]
[Date "2003.05.04"]
[Round "5"]
[White "Muslija,I"]
[Black "Jovanic,O"]
[Result "1-0"]
[WhiteElo "2237"]
[BlackElo "2423"]

1.e4 g6 2.d4 Bg7 3.Nc3 c5 4.Nf3 Qa5 5.Be3 Nf6 6.Nd2 cxd4 7.Nb3 Qc7 8.Bxd4 Nc6
9.Nd5 Qd6 10.Bc3 Nh5 11.Bxg7 Nxg7 12.Qd2 e6 13.Qh6 Qe5 14.Nc3 O-O 15.Be2 Ne8
16.O-O-O f5 17.f4 Qg7 18.Qxg7+ Kxg7 19.e5 Rf7 20.Bf3 Rb8 21.Rd2 Kf8 22.Nc5 Nc7
23.Rhd1 Ke8 24.Nb3 Nd8 25.Nd4 a6 26.Nb3 b6 27.Rd6 a5 28.Na4 b5 29.Nb6 Nc6
30.Bxc6 dxc6 31.Rd8+ Ke7 32.Nxc8+  1-0

[Event "White Nights"]
[Site "St Petersburg RUS"]
[Date "2003.06.30"]
[Round "2"]
[White "Chepukaitis,G"]
[Black "Sivokho,S"]
[Result "1-0"]
[WhiteElo "2388"]
[BlackElo "2494"]

1.d4 g6 2.e4 Bg7 3.Nc3 c5 4.d5 d6 5.f4 Nf6 6.Bb5+ Bd7 7.e5 Ng8 8.Qe2 Bxb5
9.Nxb5 a6 10.Nc3 Qc7 11.Nf3 Nd7 12.O-O Nh6 13.e6 Nb6 14.exf7+ Nxf7 15.Rd1 Qd7
16.a4 Bxc3 17.bxc3 Nxa4 18.Re1 b5 19.c4 O-O 20.Ra3 b4 21.Re3 Ra7 22.Nh4 Nh6
23.Re6 Nc3 24.Qf3 Qe8 25.g4 Qf7 26.f5 Qg7 27.Kh1 g5 28.Qh3 Rf6 29.Nf3 Rxe6
30.Rxe6 Nf7 31.f6 Qf8 32.Nxg5 Nxg5 33.Bxg5 exf6 34.Bh6 Qf7 35.Qf3 Ra8 36.Rxd6 a5
37.Rxf6 Qe8 38.Rf5  1-0

[Event "Pre-Amazon Open"]
[Site "Imperatriz BRA"]
[Date "2003.07.09"]
[Round "6"]
[White "Dantas,B"]
[Black "Silveira,N"]
[Result "1/2-1/2"]
[WhiteElo "2273"]
[BlackElo "2219"]

1.e4 g6 2.d4 Bg7 3.Nc3 c5 4.d5 d6 5.Bc4 Nf6 6.Nf3 O-O 7.O-O Na6 8.Re1 Nc7
9.a4 e5 10.dxe6 Bxe6 11.Bxe6 Nxe6 12.Nd5 Re8 13.c3 Nc7 14.Nxf6+ Qxf6 15.Qb3 b6
16.Bg5 Qe6 17.Qc2 d5 18.Bf4 dxe4 19.Bxc7 Qc6 20.Ng5 Qxc7 21.Rxe4 h6 22.Nf3 f5
23.Re2 Qf7 24.Rae1 Rxe2 25.Qxe2 Rd8 26.h3 Bf6 27.Qb5 Kg7 28.a5 Qd7 29.Qxd7+ Rxd7
30.axb6 axb6 31.Re6 Rd1+ 32.Kh2 Rb1 33.Rxb6 Bxc3 34.Rc6 Bb4 35.Ne5 Rxb2 36.Rxg6+ Kh7
37.Rc6 Rxf2 38.Rc7+ Kg8 39.Kg3 Re2 40.Kf4 Rxg2 41.Kxf5 Rg7 42.Rc8+ Kh7 43.Ng4 Rg5+
44.Ke6 Bc3 45.Rc7+ Kg6 46.Rc8 h5 47.Rg8+ Bg7 48.Nf6 c4 49.h4 Ra5 50.Ne8 Ra6+
51.Kd5 Kf7 52.Rxg7+ Kxe8 53.Rc7 Ra5+ 54.Ke6 Ra6+ 55.Kf5 Ra4 56.Kg5 Kd8 57.Rg7  1/2-1/2

[Event "BCSA Open"]
[Site "Batumi GEO"]
[Date "2003.07.19"]
[Round "3"]
[White "Petrosian,D"]
[Black "Minasian,Art"]
[Result "0-1"]
[WhiteElo "2378"]
[BlackElo "2571"]

1.e4 g6 2.d4 Bg7 3.Nc3 a6 4.f4 d6 5.Nf3 b5 6.Bd3 Nd7 7.e5 Bb7 8.Ng5 e6 9.d5 Nc5
10.dxe6 Nxe6 11.Nxe6 fxe6 12.O-O Nh6 13.exd6 Qxd6 14.Qe2 Nf5 15.Be4 O-O-O
16.Kh1 Bxc3 17.Bxb7+ Kxb7 18.bxc3 Qc6 19.a4 bxa4 20.Be3 Rd6 21.Rfb1+ Kc8
22.Ba7 Rhd8 23.c4 Kd7 24.Bf2 Ke8 25.Rf1 Rd2 26.Qe5 Kf7 27.Kg1 Qxc4 28.Rae1 h5
29.h3 Qc6 30.Re4 h4 31.c4 a3 32.Be1 Rc2 33.Re2 Rxc4 34.Rf3 Nd4 35.Bxh4 Nxf3+
36.gxf3 Qc5+ 37.Qxc5 Rd1+  0-1

[Event "3rd Savaria Summer Open"]
[Site "Szombathely HUN"]
[Date "2003.07.19"]
[Round "1"]
[White "Gaal,E"]
[Black "Chernyshov,K"]
[Result "0-1"]
[WhiteElo "2092"]
[BlackElo "2541"]

1.e4 g6 2.d4 Bg7 3.Nc3 a6 4.Be2 c5 5.Be3 Qa5 6.a3 Nc6 7.Nf3 Nf6 8.O-O Ng4
9.Bf4 cxd4 10.Nd5 d6 11.Nd2 Nge5 12.Bg5 h6 13.Bh4 g5 14.Bg3 e6 15.f4 exd5
16.exd5 gxf4 17.dxc6 fxg3 18.Nc4 gxh2+ 19.Kh1 Qc7 20.Qxd4 O-O 21.cxb7 Bxb7
22.Qxd6 Rac8 23.Qxc7 Rxc7 24.Nd6 Rxc2  0-1

[Event "MTO"]
[Site "Biel SUI"]
[Date "2003.07.24"]
[Round "4"]
[White "Ditzler,J"]
[Black "Herbrechtsmeier,C"]
[Result "0-1"]
[WhiteElo "2155"]
[BlackElo "2288"]

1.d4 g6 2.e4 Bg7 3.Nc3 c5 4.d5 d6 5.f4 a6 6.a4 Nf6 7.Nf3 O-O 8.Bc4 e6 9.O-O exd5
10.exd5 Re8 11.Re1 Bf5 12.Bd3 Rxe1+ 13.Qxe1 Bxd3 14.cxd3 Nbd7 15.h3 Nb6 16.a5 Nbxd5
17.Nxd5 Nxd5 18.Qe4 Nb4 19.Qxb7 Qb8 20.Qe4 d5 21.Qe7 Nxd3 22.Qd7 Nb4 23.Bd2 Qe8
24.Qxe8+ Rxe8 25.Bxb4 cxb4 26.Rd1 Bxb2 27.Rxd5 Bc3 28.Rd6 b3 29.Rb6 b2 30.Kf2 Re4  0-1

[Event "KB Czech Open"]
[Site "Pardubice CZE"]
[Date "2003.07.25"]
[Round "8"]
[White "Shaposhnikov,E"]
[Black "Stryjecki,M"]
[Result "1/2-1/2"]
[WhiteElo "2566"]
[BlackElo "2422"]

1.e4 g6 2.d4 Bg7 3.Nc3 a6 4.Nf3 b5 5.a4 b4 6.Nd5 Bb7 7.Bd3 Bxd5 8.exd5 Nf6
9.Bc4 c6 10.dxc6 d5 11.Bd3 Nxc6 12.Qe2 Qb6 13.O-O O-O 14.a5 Qc7 15.g3 Nh5
16.Be3 Nxa5 17.Bxa6 Qb6 18.Bd3 e6 19.Ne5 Nf6 20.Qd2 b3 21.c3 Qb7 22.Qe2 Nd7
23.Nxd7 Qxd7 24.Ra3 Ra7 25.Ba6 Qc7 26.Bb5 Rfa8 27.Rfa1 Bf8 28.Ra4 Nc4 29.Bf4 Qb7
30.Kg2  1/2-1/2

[Event "MTO"]
[Site "Biel SUI"]
[Date "2003.08.01"]
[Round "11"]
[White "Kuemin,S"]
[Black "Cebalo,M"]
[Result "1-0"]
[WhiteElo "2399"]
[BlackElo "2510"]

1.d4 g6 2.e4 Bg7 3.Nc3 c5 4.dxc5 Qa5 5.Nf3 Qxc5 6.Nd5 Qa5+ 7.Bd2 Qd8 8.Bc3 Bxc3+
9.Nxc3 d6 10.Bc4 Nc6 11.Qd2 Nf6 12.O-O-O Bg4 13.Ng5 O-O 14.f3 Bd7 15.h4 Na5
16.Bb3 Nxb3+ 17.cxb3 h6 18.g4 Qa5 19.Nh3 Rac8 20.Kb1 Kg7 21.g5 hxg5 22.hxg5 Nh5
23.Nf4 Nxf4 24.Qxf4 Be6 25.Rh6 Rh8 26.Qh4 f6 27.gxf6+ exf6 28.Rh1 g5 29.Rh7+ Rxh7
30.Qxh7+ Kf8 31.Qh8+  1-0

[Event "FSIM August"]
[Site "Budapest HUN"]
[Date "2003.08.02"]
[Round "1"]
[White "Farago,S"]
[Black "Bopp,T"]
[Result "1-0"]
[WhiteElo "2319"]
[BlackElo "2215"]

1.e4 g6 2.d4 Bg7 3.Nc3 c5 4.d5 d6 5.Bb5+ Bd7 6.a4 Na6 7.Bxa6 bxa6 8.Nge2 Rb8
9.Qd3 Qa5 10.O-O Nf6 11.h3 O-O 12.Bd2 Qb6 13.b3 Bc8 14.Be3 Qc7 15.f4 Rb4
16.e5 Nd7 17.e6 fxe6 18.dxe6 Nf6 19.f5 Qc6 20.Nf4 Bb7 21.Rf2 gxf5 22.Raf1 d5
23.Qxf5 Rxf4 24.Bxf4 Ne4 25.Qg4 Nxf2 26.Rxf2 Kh8 27.Be5 Bf6 28.Ne2 Qe8 29.Bxf6+ exf6
30.Nf4 Bc8 31.Qf5 Qe7 32.Qxd5 Rg8 33.Rd2 Qc7 34.Qd6 Qg7 35.e7 Qg5 36.Nh5 Qe3+
37.Kh2 Qe5+ 38.Qxe5 fxe5 39.Nf6  1-0

[Event "FSIM August"]
[Site "Budapest HUN"]
[Date "2003.08.07"]
[Round "6"]
[White "D'Costa,L"]
[Black "Bopp,T"]
[Result "1/2-1/2"]
[WhiteElo "2321"]
[BlackElo "2215"]

1.e4 g6 2.d4 Bg7 3.Nc3 c5 4.d5 d6 5.Nf3 Nf6 6.Bc4 O-O 7.O-O Bg4 8.h3 Bxf3
9.Qxf3 Na6 10.Qe2 Nc7 11.a4 a6 12.Bd2 Re8 13.f4 e6 14.Qd3 exd5 15.exd5 Rb8
16.a5 b5 17.axb6 Rxb6 18.b3 Nd7 19.Rae1 Qf6 20.Rxe8+ Nxe8 21.Ne2 Nb8 22.Ba5 Rb7
23.Bxa6 Nxa6 24.Qxa6 Qe7 25.Re1 Ra7 26.Qb5 Nf6 27.Ng3 Qb7 28.Qxb7 Rxb7 29.Rd1 h5
30.Bc3 c4 31.bxc4 h4 32.Bxf6 Bxf6 33.Ne4 Be7 34.c5 dxc5 35.d6 Bd8 36.Kf1 Rb4
37.Nxc5 Rxf4+ 38.Ke1 Kf8 39.Nb7 Ke8 40.c3 Kd7 41.Nxd8 Kxd8 42.Ke2 Kd7 43.Ke3 Rc4
44.Rd3 f5 45.Kd2 Rf4 46.Ke3 Re4+ 47.Kf3 Rc4 48.Ke3 Re4+ 49.Kd2 Rf4 50.g3 Re4
51.gxh4 Rxh4 52.Rg3 Kxd6 53.Rxg6+ Kd5  1/2-1/2

[Event "Open"]
[Site "Vienna AUT"]
[Date "2003.08.17"]
[Round "2"]
[White "Loidl,F"]
[Black "Ganaus,H"]
[Result "0-1"]
[WhiteElo "2171"]
[BlackElo "2348"]

1.e4 g6 2.d4 Bg7 3.Nc3 a6 4.Nf3 d6 5.Bd3 Nd7 6.Bg5 h6 7.Be3 c6 8.Qd2 e5 9.dxe5 dxe5
10.O-O-O b5 11.g4 Qe7 12.h4 Ngf6 13.Nh2 Bb7 14.f3 O-O-O 15.Nf1 Nc5 16.Ng3 Nfd7
17.Qf2 Ne6 18.Be2 Ndc5 19.h5 Rxd1+ 20.Rxd1 Bf8 21.Bf1 Qc7 22.Nce2 Be7 23.Kb1 Nd7
24.Nc3 Bg5 25.Bxg5 Nxg5 26.Nce2 Qb6 27.Qxb6 Nxb6 28.Ng1 Nd7 29.Bg2 Nc5 30.N1e2 Nce6
31.Kc1 Kc7 32.Rd2 b4 33.Kd1 a5 34.Ke1 Ba6 35.Kf2 Rd8 36.Rxd8 Kxd8 37.Ke3 Ke7
38.Bf1 Kf6 39.hxg6 fxg6 40.Bg2 Bb5 41.Bf1 Nc5 42.Bg2 Nge6 43.Bf1 Kg5 44.Kf2 Nb7
45.b3 Nbc5 46.Ke3 Nf4 47.Kf2 Bxe2 48.Bxe2 a4 49.Bf1 a3 50.Bc4 h5 51.gxh5 gxh5
52.Nf5 Nce6 53.Kg3 c5 54.Kh2 Nd4 55.Nxd4 cxd4 56.Bf1 h4 57.Bc4 Nh5 58.Kg2 Nf6
59.Be6 Kf4 60.Kf2 Nh7 61.Bh3 Ng5 62.Bg2 h3 63.Bf1 Nxf3 64.Bxh3 Nd2 65.Bg2 Nb1  0-1

[Event "Jezero Open"]
[Site "Belgrade YUG"]
[Date "2003.08.18"]
[Round "5"]
[White "Nestorovic,N"]
[Black "Jovanovic,ST"]
[Result "1/2-1/2"]
[WhiteElo "2152"]
[BlackElo "2306"]

1.e4 g6 2.d4 Bg7 3.Nc3 c5 4.Nf3 cxd4 5.Nxd4 Nc6 6.Be3 Nf6 7.Bc4 O-O 8.f3 a5
9.Qd2 a4 10.a3 d6 11.O-O-O Nxd4 12.Bxd4 Qc7 13.Ba2 Be6 14.g4 Bxa2 15.Nxa2 Rfc8
16.Nb4 Qc4 17.Kb1 e6 18.h4 Ra5 19.Rh2 h5 20.g5 Ne8 21.Bxg7 Kxg7 22.Re2 Re5
23.Re3 Rec5 24.f4 d5 25.exd5 exd5 26.Rc3 Qb5 27.Qd4+ Kh7 28.Nxd5 Rxc3 29.Nxc3 Qc6
30.Qe5 Ng7 31.Qe7 Rc7 32.Qe4 Nf5 33.Rd8 Ng7 34.Qd4 b5 35.Qd5 Ne6 36.Rb8 Qc4
37.Qxb5 Qxb5 38.Rxb5 Nxf4 39.Rb4 Ng2 40.Nd5 Rc8 41.Rxa4 Kg7 42.Nf6 Ne3 43.Re4 Nxc2
44.Re8 Nxa3+ 45.Ka2 Rxe8 46.Nxe8+ Kf8  1/2-1/2

[Event "It"]
[Site "Los Angeles USA"]
[Date "2003.08.20"]
[Round "3"]
[White "Sevillano,E"]
[Black "Minasian,Art"]
[Result "1-0"]
[WhiteElo "2490"]
[BlackElo "2571"]

1.e4 g6 2.d4 Bg7 3.Nc3 a6 4.a4 d6 5.Be2 Nc6 6.Nf3 Bg4 7.Be3 e5 8.dxe5 Bxf3
9.Bxf3 Nxe5 10.Be2 Ne7 11.O-O f5 12.Bg5 Qd7 13.Bxe7 Qxe7 14.Nd5 Qf7 15.f4 Nc6
16.Bc4 Bd4+ 17.Kh1 Qg7 18.c3 Bf6 19.exf5 O-O-O 20.Qd3 Ne7 21.Nxe7+ Bxe7 22.Bxa6 d5
23.Qh3 Kb8 24.Bd3 Bc5 25.a5 Rhe8 26.Rfe1 gxf5 27.Rxe8 Rxe8 28.Qxf5 Qe7 29.Rf1 Qd6
30.Qxh7 Re6 31.h3 Ka7 32.Qh5 Re3 33.Qf5 Re8 34.a6 bxa6 35.Ra1 Kb8 36.Bxa6 Be3
37.Qd3 c6 38.Re1 Qxf4 39.Qg6 Re7 40.Qxc6 Qg3 41.Ra1 Qc7 42.Qxd5 Rd7 43.Qf3 Ba7
44.Be2 Rf7 45.Qg4 Bc5 46.Bf3 Qe7 47.Ra8+ Kc7 48.Qc8+  1-0

[Event "Open"]
[Site "Vienna AUT"]
[Date "2003.08.23"]
[Round "8"]
[White "Done,D"]
[Black "Brustkern,J"]
[Result "1-0"]
[WhiteElo "2117"]
[BlackElo "2227"]

1.e4 g6 2.d4 Bg7 3.Nc3 c5 4.Nf3 Qa5 5.Be2 Nc6 6.d5 Nd4 7.O-O Nxf3+ 8.Bxf3 d6
9.Re1 f6 10.Bg4 Nh6 11.Be6 Nf7 12.f4 b5 13.a3 a6 14.Bd2 Qc7 15.Qf3 O-O 16.Rab1 Bd7
17.h4 a5 18.Qh3 Be8 19.h5 b4 20.Ne2 Rd8 21.hxg6 hxg6 22.Kf2 Bd7 23.Rh1 Rfe8
24.Qh7+ Kf8 25.Qxg6  1-0

[Event "Open"]
[Site "Porto San Giorgo ITA"]
[Date "2003.08.25"]
[Round "5"]
[White "Mrdja,M"]
[Black "Ventura,S"]
[Result "1-0"]
[WhiteElo "2384"]
[BlackElo "2173"]

1.e4 Nc6 2.Nc3 g6 3.d4 Bg7 4.d5 Nb8 5.Be3 c6 6.Qd2 cxd5 7.exd5 d6 8.O-O-O Nd7
9.Nge2 Nb6 10.Nf4 Bd7 11.f3 Rc8 12.Bd4 Nf6 13.b3 Qc7 14.h4 Nh5 15.Nb5 Bxb5
16.Bxb5+ Nd7 17.Ne6 fxe6 18.dxe6 O-O 19.Bxg7 Nxg7 20.exd7 Qc3 21.Bc4+ Rxc4
22.Qd5+ Kh8 23.Qxc4 Qxc4 24.bxc4 Rd8 25.Rhe1 Rxd7 26.c5 d5 27.c4 d4 28.g4 Kg8
29.Re4 d3 30.Kd2 Kf7 31.Rf4+ Ke8 32.Re1 Rc7 33.Re5  1-0